01351nam a2200265 a 4500001001000000005001700010041000800027044000700035084002000042100004500062245021600107260003400323300001700357500010900374500013900483500014500622500001000767546002400777650005200801650005600853650003400909650004500943700004700988740005001035BRCA_343220190320204259.0 aita ait a721b.G76c17221 aCervantes Saavedra, Miguel ded1547-161610aDell´Ingegnoso Cittadino Don Chisciotte della ManciacComposto da Michel di Cervantes Saavedra et hora nuovamente tradotta con fedeltá e chiarezza, di Spagnolo, in Italiano, da Lorenzo Franciosini Fiorentino. aVeneciabAntonio Groppoc1722 a2 v.c17 cm. aContenido : v.1. Primera parte. Advertencia del traductor. Prólogo de Cervantes. -- v.2. Segunda parte aEdición : In questa Terza Impressione corretta, e migliorata con la Traduzione de Versi Spagnuoli, non tradotti nella prima edizione aCopia de la edición de 1625. Es la tercera que contiene las dos partes de la novela, traducida por Franciosini. Pergamino Lúdovik Osterc aQM540 aTexto en : italiano14aNovela españolayÉpoca clásica, 1500-170014aLiteratura españolayÉpoca clásica, 1500-170014aNovela españolaySiglo XVII14aDon Quijote (Personaje ficticio)eNovela1 aFranciosini Fiorentino, LorenzoeTraductor0 aEl Ingenioso Hidalgo Don Quijote de la Mancha